00548 2200217 4500001002100000005001700021008004100038035002400079082001300103090002300116100001800139245003400157260002900191300001800220650003200238850001200270980001500282985000600297999001500303990001200318YOGYA-0209000006485720090227040342.0 ind  0010-020900000064857 a899.2216 a899.2216bSum PlT aSUMITADIKARTA aPanglesu kalbucSumitadikarta aJakartabDepdikbudc1976 a39 hlmc21 cm aKesasteraan Sunda - Tembang aYOPDYOG a04-09-2008 a1 aa000021846 a21846-a